| 000 | 00611nam a22002177a 4500 | ||
|---|---|---|---|
| 005 | 20220317121728.0 | ||
| 008 | 220317b |||||||| |||| 00| 0 eng d | ||
| 020 |
_a9780367224974 _cRs.2899.00 |
||
| 040 | _aLoreto College | ||
| 041 | _aEnglish | ||
| 082 |
_a551.4 _bCHA |
||
| 100 | _aCharlton,Ro | ||
| 245 |
_aFundamentals of fluvial geomorphology _cRo Charlton |
||
| 260 |
_aOxon _bRoutledge _c2021 |
||
| 300 |
_axxiii,234p _b22cm |
||
| 504 | _aIncludes bibliographical references and index | ||
| 650 | _aGeomorphology | ||
| 650 | _aGeology-Geomorphology,hydrosphere | ||
| 850 | _aLCLIB | ||
| 942 | _cBK | ||
| 999 |
_c42963 _d93442 |
||